000
00355nam a2200145Ia 4500
008
230718s9999 xx 000 0 und d
041
_a
Eng.
082
_a
346.6
_b
KHI-L
100
_a
Khiji, Kaseem - UD-Dim
245
0
_a
lic Defamation Solimme 2017
260
_a
Pakistan
_b
Mary as law book house
_c
2002
300
_a
210
650
_a
Law
999
_c
26574
_d
26574